| 000 | 00805cam a22002653a 4500 | ||
|---|---|---|---|
| 001 | 1644 | ||
| 003 | PGUSA | ||
| 005 | 20140828083004.0 | ||
| 008 | 990201s1999||||xxu|||||s|||||000 1 eng d | ||
| 040 |
_aPGUSA _beng |
||
| 042 | _adc | ||
| 050 | 4 | _aPR | |
| 100 | 1 |
_aDoyle, Arthur Conan, _d1859-1930 |
|
| 245 | 1 | 4 |
_aThe Adventures of Gerard _h[electronic resource] / _cArthur Conan Doyle |
| 260 |
_bProject Gutenberg, _c1999 |
||
| 506 | _aPublic domain in the USA. | ||
| 516 | _aElectronic text | ||
| 653 | _aAdventure stories, English | ||
| 653 | _aFrance -- History, Military -- 19th century -- Fiction | ||
| 653 | _aWar stories, English | ||
| 653 | _aNapoleonic Wars, 1800-1815 -- Fiction | ||
| 830 | 0 |
_aProject Gutenberg _v1644 |
|
| 856 | 4 | 0 | _uhttp://www.gutenberg.org/ebooks/1644 |
| 942 | _cEB | ||
| 999 |
_c230992 _d230992 |
||